000 01372am a2200433a 44500
003 AR-BaBNM
005 20251128204244.0
008 165019s1988 #AR|||||||||||000 | spa||
020 _a84-86524-55-5
040 _cAR-BaBNM
110 2 _aDinastía T'ang
245 1 0 _aCuentos fantásticos
_bde ayer y de hoy
260 _aMadrid
_bPopular
_c1988
300 _a95 p.
_bil.
490 0 _aLetra grande
_vv. 4
500 _aContiene: El vuelo de Ícaro - Leyenda de la construcción del Acueducto de Segovia - El encuentro - Historia de Abdula, el mendigo ciego - El brujo postergado - El secreto del lago - La leyenda del soldado encantado - El corazón delator - Historia de los d
500 _aSelección, introducción y notas de Guillermo Martínez Rubio
650 4 _aCUENTOS
650 4 _aLITERATURA CONTEMPORANEA
650 4 _aANTOLOGIAS
650 4 _aLIBROS ANTIGUOS
650 4 _aLEYENDAS
650 4 _aSIGLO DIECINUEVE
650 4 _aSIGLO VEINTE
653 _aNARRATIVA
653 _aCRONICAS
655 _aLITERATURA
700 1 _aOvidio Nason, Publio
700 1 _aAtienza, J.G.
700 1 _aI., Juan Manuel
700 1 _aIrving, Washington
700 1 _aPoe, Edgar Allan
700 1 _aWeil, G.
700 1 _aBaroja, Pío
700 1 _aChesterton, Gilbert Keith
700 1 _aAcosta, L.
942 _cBK
998 _cEthel
999 _c6733
_d6733